Państwa i terytoria, które zapunktowały na serwerze - Papież Cup - Statystyki

Ogólne statystyki
  • Ten quiz został rozwiązany 30 razy
    8 od ostatniego zresetowania
  • Średni wynik to 53 z 183
Statystyki odpowiedzi
Odpowiedź % Poprawnych
Anglia
83%
Brazylia
83%
Francja
83%
Niemcy
83%
Polska
83%
USA
83%
Włochy
83%
Albania
67%
Andora
67%
Argentyna
67%
Bułgaria
67%
Chiny
67%
Chorwacja
67%
Dania
67%
Hiszpania
67%
Honduras
67%
Irlandia
67%
Kanada
67%
Litwa
67%
Łotwa
67%
Mołdawia
67%
Monako
67%
Norwegia
67%
Portugalia
67%
Słowacja
67%
Słowenia
67%
Szkocja
67%
Szwajcaria
67%
Szwecja
67%
Ukraina
67%
Watykan
67%
Wielka Brytania
67%
Australia
50%
Austria
50%
Belgia
50%
Białoruś
50%
Bośnia i Hercegowina
50%
Chile
50%
Czechy
50%
Estonia
50%
Finlandia
50%
Grecja
50%
Grenlandia
50%
Gwatemala
50%
Holandia
50%
Japonia
50%
Kuba
50%
Luksemburg
50%
Macedonia Północna
50%
Malta
50%
Nikaragua
50%
Nowa Zelandia
50%
Peru
50%
Rosja
50%
Rumunia
50%
Turcja
50%
Walia
50%
Węgry
50%
Afganistan
33%
Algieria
33%
Angola
33%
Cabo Verde
33%
Cypr
33%
Demokratyczna Republika Konga
33%
Egipt
33%
Indie
33%
Kazachstan
33%
Kolumbia
33%
Kongo
33%
Lesotho
33%
Liechtenstein
33%
Mauretania
33%
Meksyk
33%
Panama
33%
Republika Południowej Afryki
33%
San Marino
33%
Senegal
33%
Syria
33%
Tanzania
33%
Wenezuela
33%
Antigua i Barbuda
17%
Arabia Saudyjska
17%
Azerbejdżan
17%
Bahamy
17%
Benin
17%
Bhutan
17%
Boliwia
17%
Botswana
17%
Brytyjskie Terytorium Oceanu Indyjskiego
17%
Czad
17%
Ekwador
17%
Erytrea
17%
Eswatini
17%
Fidżi
17%
Filipiny
17%
Francuskie Terytoria Południowe i Antarktyczne
17%
Gabon
17%
Ghana
17%
Gruzja
17%
Guernsey
17%
Gujana
17%
Gujana Francuska
17%
Gwadelupa
17%
Gwinea Równikowa
17%
Indonezja
17%
Islandia
17%
Izrael
17%
Jamajka
17%
Kamerun
17%
Kenia
17%
Korea Południowa
17%
Kosowo
17%
Liban
17%
Maroko
17%
Mongolia
17%
Mozambik
17%
Namibia
17%
Nauru
17%
Nepal
17%
Niger
17%
Nigeria
17%
Palestyna
17%
Paragwaj
17%
Sahara Zachodnia
17%
Salwador
17%
Serbia
17%
Sierra Leone
17%
Surinam
17%
Tajwan
17%
Tunezja
17%
Uganda
17%
Urugwaj
17%
Wietnam
17%
Wybrzeże Kości Słoniowej
17%
Wyspa Man
17%
Wyspy Dziewicze Stanów Zjednoczonych
17%
Wyspy Kanaryjskie
17%
Wyspy Owcze
17%
Zambia
17%
Zimbabwe
17%
Anguilla
0%
Aruba
0%
Bahrajn
0%
Belize
0%
Bougainville
0%
Brunei
0%
Curacao
0%
Dżibuti
0%
Falklandy
0%
Georgia Południowa i Sandwich Południowy
0%
Gibraltar
0%
Grenada
0%
Holandia Karaibska
0%
Hong Kong
0%
Katar
0%
Kirgistan
0%
Kiribati
0%
Kostaryka
0%
Makau
0%
Malediwy
0%
Niue
0%
Nowa Kaledonia
0%
Oman
0%
Palau
0%
Polinezja Francuska
0%
Reunion
0%
Seszele
0%
Singapur
0%
Somalia
0%
Sri Lanka
0%
Svalbard i Jan Mayen
0%
Timor Wschodni
0%
Trynidad i Tobago
0%
Turkmenistan
0%
Vanuatu
0%
Wallis i Futuna
0%
Wyspa Bouveta
0%
Wyspa Świętej Heleny, Wyspa Wniebowstąpienia i Tristan da Cunha
0%
Wyspa Wniebowstąpienia
0%
Wyspy Heard i McDonald
0%
Wyspy Kokosowe
0%
Wyspy Marshalla
0%
Wyspy Salomona
0%
Nie znaleziono quizów pasujących do podanych kryteriów
Rozkład punktacji
Procent ludzi z każdym wynikiem
Percentyl według liczby udzielonych odpowiedzi
Twoja historia wyników
Nie rozwiązałeś tego quizu od ostatniego zresetowania